<?xml version="1.0" encoding="UTF-8"?>
<record
    xmlns:xsi="http://www.w3.org/2001/XMLSchema-instance"
    xsi:schemaLocation="http://www.loc.gov/MARC21/slim http://www.loc.gov/standards/marcxml/schema/MARC21slim.xsd"
    xmlns="http://www.loc.gov/MARC21/slim">

  <leader>03740nam a2200349 a 4500</leader>
  <controlfield tag="003">OSt</controlfield>
  <controlfield tag="005">20251022115253.0</controlfield>
  <controlfield tag="007">cr ||||||a|a|a</controlfield>
  <controlfield tag="008">251021s2025    mx a|||fom||| 001 0 spa d</controlfield>
  <datafield tag="040" ind1=" " ind2=" ">
    <subfield code="e">rda</subfield>
  </datafield>
  <datafield tag="100" ind1="1" ind2=" ">
    <subfield code="a">Atlahua Temoxtle, Milagros</subfield>
    <subfield code="9">191349</subfield>
  </datafield>
  <datafield tag="245" ind1="1" ind2="0">
    <subfield code="a">Uso de amono&#xE1;cidos promotores para aumentar el peso vivo, condici&#xF3;n corporal y variables hematol&#xF3;gicas en Corderos Dorper/</subfield>
    <subfield code="c">por Milagros Atlahua Temoxtle; director de tesis  C&#xE9;sar Alberto Meza Herrera; secretario Oscar Angel Garc&#xED;a; vocal  Jos&#xE9; Orlando Rojas Reye; suplente H&#xE9;ctor Tecumsh&#xE9; Mojica Z&#xE1;rate; suplente Ma. Guadalupe Calder&#xF3;n.</subfield>
  </datafield>
  <datafield tag="264" ind1=" " ind2="1">
    <subfield code="a">Chapingo, M&#xE9;xico :</subfield>
    <subfield code="b">El autor,</subfield>
    <subfield code="c">2025.</subfield>
  </datafield>
  <datafield tag="300" ind1=" " ind2=" ">
    <subfield code="a">1 recurso en l&#xED;nea (44 p&#xE1;ginas):</subfield>
    <subfield code="b">cuadros, figuras.</subfield>
  </datafield>
  <datafield tag="336" ind1=" " ind2=" ">
    <subfield code="2">rdacontent</subfield>
    <subfield code="a">texto</subfield>
    <subfield code="b">txt</subfield>
  </datafield>
  <datafield tag="337" ind1=" " ind2=" ">
    <subfield code="2">rdamedia</subfield>
    <subfield code="a">computadora</subfield>
    <subfield code="b">c</subfield>
  </datafield>
  <datafield tag="338" ind1=" " ind2=" ">
    <subfield code="2">rdacarrier</subfield>
    <subfield code="a">recurso en l&#xED;nea</subfield>
    <subfield code="b">cr</subfield>
  </datafield>
  <datafield tag="502" ind1=" " ind2=" ">
    <subfield code="b">LIGRA</subfield>
    <subfield code="c">DCRU</subfield>
    <subfield code="d">2025.</subfield>
    <subfield code="g">LIC</subfield>
  </datafield>
  <datafield tag="504" ind1=" " ind2=" ">
    <subfield code="a">Incluye referencias bibliogr&#xE1;ficas:27-36 p&#xE1;ginas .</subfield>
  </datafield>
  <datafield tag="520" ind1=" " ind2=" ">
    <subfield code="a">El estudio evalu&#xF3; el posible efecto de los amino&#xE1;cidos (AA) en el peso vivo (LBW), la ganancia de peso vivo (LWG), condici&#xF3;n corporal (BCS), prote&#xED;na s&#xE9;rica (SP) y valores hematol&#xF3;gicos: gl&#xF3;bulos blancos (WBC), gl&#xF3;bulos rojos (RBC), hemoglobina (HGB), hematocritos (HCT), volumen corpuscular medio (MCV), hemoglobina corpuscular media (MCH), concentraci&#xF3;n de hemoglobina corpuscular media (MCHC) y variaci&#xF3;n del tama&#xF1;o y volumen de gl&#xF3;bulos rojos (RBCSV) en ovinos en el norte de M&#xE9;xico. Corderos Dorper (n=60, 3 meses de edad; mayo-agosto, 2023), homog&#xE9;neos en LBW (16.02 &#xB1; 2.44 kg) y BCS (1.7 &#xB1; 0.2), fueron distribuidos en tres grupos experimentales (n=20 c/u). Mientras que los grupos tratados con AA en forma subcut&#xE1;nea fueron GTD (10 mL) y GTC (5 mL), el grupo control (GC) recibi&#xF3; 0.5 mL de soluci&#xF3;n salina. Las variables de respuesta de LBW, BCS, SP, WBC, RBC, HGB, HCT, MCV, MCH, MCHC y RBCSV fueron registradas al inicio y cada 14 d&#xED;as durante 84 d&#xED;as. El GTD increment&#xF3; (p &lt; 0.05) la BCS (2.5 &#xB1; 0.2), SP (6.9 &#xB1; 0.4) y WBC (112.7 &#xB1; 24.2) respecto al GC. Sin embargo, los promedios finales de LBW (26.6 &#xB1; 6.0 kg), RBC, HGB, HCT, MCV, MCH, MCHC, RBCSV, no difirieron (p&lt;0.05) entre grupos experimentales. Los resultados indican que la suplementaci&#xF3;n con 10 mL de amino&#xE1;cidos promovi&#xF3; mejoras en la condici&#xF3;n f&#xED;sica y ciertas variables hematol&#xF3;gicas. En conclusi&#xF3;n, una dosis &#xFA;nica de 10 mL de AA administrada a corderos Dorper de 3 meses de edad (v.g., etapa posdestete) gener&#xF3; un impacto positivo en la BCS, SP y WBC, destacando su potencial como estrategia para mejorar la eficiencia del metabolismo proteico y fortalecer la respuesta inmunitaria en ovinos j&#xF3;venes. La suplementaci&#xF3;n con amino&#xE1;cidos podr&#xED;a contribuir a optimizar el crecimiento y la salud de los animales, beneficiando la productividad en sistemas ovinos. Es conveniente evaluar s&#xED; dicha suplementaci&#xF3;n de AA pudiera tener un efecto positivo respecto al inicio de la pubertad o en alg&#xFA;n otro par&#xE1;metro reproductivo-productivo de importancia econ&#xF3;mica.</subfield>
  </datafield>
  <datafield tag="650" ind1=" " ind2="4">
    <subfield code="a">Ganado lanar</subfield>
    <subfield code="x">Nutrici&#xF3;n</subfield>
    <subfield code="x">Suplementos</subfield>
    <subfield code="9">134940</subfield>
  </datafield>
  <datafield tag="650" ind1=" " ind2="4">
    <subfield code="a">Ganado lanar</subfield>
    <subfield code="x">Engorda</subfield>
    <subfield code="9">45175</subfield>
  </datafield>
  <datafield tag="650" ind1=" " ind2="4">
    <subfield code="a">Ganado lanar</subfield>
    <subfield code="x">Peso</subfield>
    <subfield code="9">45211</subfield>
  </datafield>
  <datafield tag="650" ind1=" " ind2="4">
    <subfield code="a">Ganado lanar</subfield>
    <subfield code="x">Alimentaci&#xF3;n</subfield>
    <subfield code="9">45153</subfield>
  </datafield>
  <datafield tag="700" ind1="1" ind2=" ">
    <subfield code="a">Meza Herrera, C&#xE9;sar Alberto</subfield>
    <subfield code="9">75332</subfield>
    <subfield code="e">director.</subfield>
  </datafield>
  <datafield tag="700" ind1="1" ind2=" ">
    <subfield code="a">&#xC1;ngel Garc&#xED;a, Oscar</subfield>
    <subfield code="9">191400</subfield>
    <subfield code="e">secretario.</subfield>
  </datafield>
  <datafield tag="700" ind1="1" ind2=" ">
    <subfield code="a">Rojas Reyes, Jos&#xE9; Orlando</subfield>
    <subfield code="9">190716</subfield>
    <subfield code="e">vocal.</subfield>
  </datafield>
  <datafield tag="700" ind1="1" ind2=" ">
    <subfield code="a">Mojica Z&#xE1;rate, H&#xE9;ctor Tecumsh&#xE9;</subfield>
    <subfield code="9">77306</subfield>
    <subfield code="e">suplente.</subfield>
  </datafield>
  <datafield tag="700" ind1="1" ind2=" ">
    <subfield code="a">Calderon, Ma. Guadalupe</subfield>
    <subfield code="9">191399</subfield>
    <subfield code="e">suplente.</subfield>
  </datafield>
  <datafield tag="856" ind1=" " ind2=" ">
    <subfield code="u">http://10.13.5.2/tesis/tl/1810162-3_ATLAHUA_TEMOXTLE_MILAGROS.pdf</subfield>
    <subfield code="z">DESCARGAR PDF</subfield>
  </datafield>
  <datafield tag="942" ind1=" " ind2=" ">
    <subfield code="2">Clasificaci&#xF3;n Universidad Aut&#xF3;noma Chapingo</subfield>
    <subfield code="c">TD</subfield>
  </datafield>
  <datafield tag="999" ind1=" " ind2=" ">
    <subfield code="c">233091</subfield>
    <subfield code="d">233091</subfield>
  </datafield>
  <datafield tag="952" ind1=" " ind2=" ">
    <subfield code="0">0</subfield>
    <subfield code="1">0</subfield>
    <subfield code="2">local</subfield>
    <subfield code="4">0</subfield>
    <subfield code="5">1</subfield>
    <subfield code="7">0</subfield>
    <subfield code="8">TesDigL</subfield>
    <subfield code="a">BD</subfield>
    <subfield code="b">BD</subfield>
    <subfield code="c">E_L</subfield>
    <subfield code="d">2025-10-21</subfield>
    <subfield code="l">0</subfield>
    <subfield code="o">Tesis digital</subfield>
    <subfield code="r">2025-10-21 15:20:56</subfield>
    <subfield code="w">2025-10-21</subfield>
    <subfield code="y">TD</subfield>
  </datafield>
</record>
